000 00597nam a2200241Ia 4500
003 OSt
005 20221005115007.0
006 a|||||r|||| 00| 0
007 ta
008 221004b |||||||| |||| 00| 0 kan d
024 _a61068
037 _cTextual
040 _aCRL
_cCRL
_bkan
041 _2kan
_akan
082 _aO33,3M52,3, J3
100 _aVasudevayya Au.
245 0 _aBhishma charitre
260 _c1953
650 _a KANNAD LITERATURE
650 _aKANNAD FICTION
942 _hO33,3M52,3, J3
_cTEXL
_2cc
999 _c1033081
_d1033081